[Event "AUTO-INT-3889"]
[Site "http://www.queenalice.com/game.php?id=1842079"]
[Date "2024.8.17"]
[Round "1"]
[White "victor_lobo"]
[Black "renet54"]
[Result "1-0"]
[WhiteElo "1512"]
[BlackElo "1586"]

1. e4 e6 2. Nh3 Nc6 3. c3 d5 4. e5 Bc5 5. Qf3 Nxe5 6. Qf4 Bd6 7. d4 Ng6 8. Qf3
Nf6 9. Bg5 Be7 10. Bxf6 Bxf6 11. g3 c6 12. Nf4 Nxf4 13. Qxf4 Qb6 14. b3 O-O 15.
Bd3 e5 16. dxe5 Re8 17. O-O Bxe5 18. Qh4 g6 19. Nd2 Bxc3 20. Nf3 Bxa1 21. Ng5 h5
22. Rxa1 Be6 23. Re1 Qa5 24. Re2 Qc3 25. Bc2 Qa1+ 26. Kg2 Bh3+ 27. Qxh3 Rxe2 28.
Bd3 Rd2 29. Qd7 Kg7 30. Qxf7+ Kh6 31. Qxg6# 1-0

[Event "AUTO-INT-3889"]
[Site "http://www.queenalice.com/game.php?id=1842080"]
[Date "2024.8.17"]
[Round "1"]
[White "renet54"]
[Black "victor_lobo"]
[Result "0-1"]
[WhiteElo "1607"]
[BlackElo "1491"]

1. c4 c5 2. Nc3 a6 3. d3 Qa5 4. Bd2 Qb6 5. b3 e6 6. Nf3 f6 7. g3 a5 8. Be3 Bd6
9. Bg2 Be5 10. Nxe5 fxe5 11. O-O Nf6 12. Qd2 O-O 13. Na4 Qb4 14. Qxb4 axb4 15.
Bxc5 Rd8 16. Bxb4 d5 17. cxd5 exd5 18. Nb6 Ra6 19. Nxd5 Nxd5 20. Bxd5+ Rxd5 21.
Rac1 Bg4 22. f3 Bh3 23. Rfd1 Rxa2 24. Rc8+ Bxc8 25. Rc1 Bh3 26. Rc8+ Bxc8 27. e4
Rxd3 0-1

[Event "AUTO-OPEN-4486"]
[Site "http://www.queenalice.com/game.php?id=1842265"]
[Date "2024.8.22"]
[Round "2"]
[White "victor_lobo"]
[Black "Tonto"]
[Result "0-1"]
[WhiteElo "1529"]
[BlackElo "2077"]

1. e4 e5 2. Qf3 Bc5 3. Bc4 Nf6 4. Nc3 c6 5. d3 a5 6. Nh3 b5 7. Bg5 bxc4 8. Bxf6
Qxf6 9. Qxf6 gxf6 10. O-O-O cxd3 11. Rxd3 a4 12. a3 Na6 13. Nxa4 Bd4 14. c3 Nc5
15. Nxc5 Bxc5 16. f4 Ba6 17. Rf3 exf4 18. Nxf4 Rg8 19. Nh5 Ke7 20. Nxf6 Rxg2 21.
Nxh7 Be2 22. Rg3 Rxg3 23. hxg3 Be3+ 24. Kc2 Bf3 25. Rh4 Bf2 26. Rf4 Bxg3 27.
Rxf3 Bh4 28. Rf4 Bg3 29. Rg4 Be5 30. Ng5 Rg8 31. Kd3 f6 32. Kc4 Rxg5 33. Rxg5
fxg5 34. a4 g4 35. a5 g3 36. a6 Bb8 37. Kc5 Ba7+ 38. Kc4 g2 39. b4 g1=Q 40. b5
Qf1+ 41. Kb4 Qxb5+ 42. Ka3 Qxa6+ 43. Kb3 Qd3 44. Kb4 Qxe4+ 45. Kb3 d5 46. Kb2 c5
47. Kb3 Qb1+ 48. Ka4 c4 49. Ka5 Qb6+ 50. Ka4 Bb8 51. Ka3 Qb3# 0-1

[Event "AUTO-OPEN-4486"]
[Site "http://www.queenalice.com/game.php?id=1842266"]
[Date "2024.8.22"]
[Round "2"]
[White "Tonto"]
[Black "victor_lobo"]
[Result "1-0"]
[WhiteElo "2076"]
[BlackElo "1531"]

1. e4 e5 2. Nf3 Qf6 3. Be2 Bc5 4. c3 Nh6 5. b4 Bb6 6. Na3 Ng4 7. O-O Qf4 8. d4
Qf6 9. dxe5 Nxe5 10. Nb5 a6 11. Bg5 Nxf3+ 12. Bxf3 Qxg5 13. Na3 O-O 14. Nc4 f5
15. Qd5+ Kh8 16. exf5 c6 17. Qd6 Qxf5 18. Nxb6 Rf6 19. Qe7 Rf7 20. Qe4 Qxe4 21.
Bxe4 d5 22. Bf3 Ra7 23. Nxc8 Ra8 24. Nd6 Rd7 25. Nc8 Ra7 26. Nxa7 b5 27. Rfe1
Rd8 28. a4 h6 29. axb5 cxb5 30. Rad1 h5 31. Rxd5 Rc8 32. Nxc8 1-0

[Event "AUTO-INT-3892"]
[Site "http://www.queenalice.com/game.php?id=1843695"]
[Date "2024.9.13"]
[Round "1"]
[White "Carlos19"]
[Black "victor_lobo"]
[Result "0-1"]
[WhiteElo "1565"]
[BlackElo "1564"]

1. e4 e5 2. Nf3 Qf6 3. Bc4 Bc5 4. d3 Nh6 5. Bg5 Qg6 6. h4 Ng4 7. O-O h6 8. Bd2
f5 9. exf5 Qb6 10. Bc3 Bxf2+ 11. Kh1 Bg3 12. Nbd2 Nf2+ 13. Rxf2 Qxf2 14. Ne4 Qe3
15. Bxe5 Bxe5 16. Nxe5 Qd4 17. Ng6 Rg8 18. Bxg8 d5 19. Nc3 Bxf5 20. Qe2+ Kd7 21.
Qe7+ Kc6 22. Bxd5+ Kb6 23. Rf1 Bxg6 24. Qe6+ Nc6 25. Qxg6 a5 26. Rf7 Qxh4+ 27.
Kg1 Qb4 28. Qxg7 Rc8 29. Qxh6 a4 30. Qe3+ Ka6 31. Qc1 a3 32. b3 Qxc3 33. Qxa3+
Na5 34. Bc4+ Kb6 35. Qc1 Re8 36. Rf1 Qd4+ 37. Rf2 Rf8 38. Qh6+ Ka7 39. Qd2 Qa1+
40. Kh2 Rh8+ 41. Kg3 Qg7+ 42. Kf3 Rf8+ 43. Ke2 Qe5+ 44. Qe3+ Qxe3+ 45. Kd1 Rxf2
0-1

[Event "AUTO-INT-3892"]
[Site "http://www.queenalice.com/game.php?id=1843696"]
[Date "2024.9.13"]
[Round "1"]
[White "victor_lobo"]
[Black "Carlos19"]
[Result "1-0"]
[WhiteElo "1506"]
[BlackElo "1520"]

1. e4 e5 2. Bc4 Nf6 3. d4 Nxe4 4. Bxf7+ Kxf7 5. Qf3+ Qf6 6. Qxe4 exd4 7. Nf3
Bb4+ 8. Bd2 Bxd2+ 9. Nbxd2 Re8 10. Qxe8+ Kxe8 11. O-O-O Nc6 12. Rhe1+ Ne7 13.
Nb3 Qf4+ 14. Rd2 Qg4 15. Rxd4 Qxg2 16. Nbd2 Qxf2 17. Rde4 Qc5 18. Nb3 Qd6 19.
Ng5 h5 20. Rh4 g6 21. Rf1 Nf5 22. Re4+ Kd8 23. Nf7# 1-0

[Event "AUTO-INT-3892"]
[Site "http://www.queenalice.com/game.php?id=1843711"]
[Date "2024.9.13"]
[Round "1"]
[White "NickThorp"]
[Black "victor_lobo"]
[Result "0-1"]
[WhiteElo "1602"]
[BlackElo "1523"]

1. e4 e5 2. Nf3 Nc6 3. Bb5 Qf6 4. d3 Bc5 5. O-O d6 6. h3 Qg6 7. Nc3 Bxh3 8. Nh4
Qe6 9. gxh3 Qxh3 10. Ng2 Nf6 11. Bg5 O-O-O 12. Be3 Ng4 13. f3 Qh2# 0-1

[Event "AUTO-INT-3892"]
[Site "http://www.queenalice.com/game.php?id=1843712"]
[Date "2024.9.13"]
[Round "1"]
[White "victor_lobo"]
[Black "NickThorp"]
[Result "1-0"]
[WhiteElo "1598"]
[BlackElo "1551"]

1. e4 e5 2. Bc4 Nf6 3. Nc3 Bb4 4. Nd5 Nxd5 5. Bxd5 d6 6. Qf3 O-O 7. Qg3 c6 8.
Bc4 b5 9. Bxf7+ Rxf7 10. c3 Bc5 11. f3 Qf6 12. h3 d5 13. d3 dxe4 14. dxe4 Nd7
15. Bg5 Qg6 16. h4 h6 17. O-O-O hxg5 18. hxg5 Nf6 19. Qxe5 Nd7 20. Rxd7 Rxd7 21.
Qxc5 Bb7 22. Ne2 a6 23. Nf4 Qf7 24. Qf5 Qxf5 25. exf5 Rad8 26. f6 gxf6 27. g6
Kg7 28. Rh7+ Kg8 29. Ne6 Rxh7 30. gxh7+ Kxh7 31. Nxd8 Ba8 32. Kd2 c5 33. Ne6 c4
34. Nc5 a5 35. Ke3 Kg6 36. Kd4 Kf5 37. Ne4 Ke6 38. b3 cxb3 39. axb3 Bxe4 40.
fxe4 Kd6 41. c4 bxc4 42. Kxc4 Kc6 43. Kd4 Kd6 44. g4 Kc6 45. e5 fxe5+ 46. Kxe5
Kd7 47. Kf6 Ke8 48. Kg7 Ke7 49. g5 Ke6 50. g6 Ke7 51. Kg8 Kf6 52. g7 Ke7 53. Kh7
1-0

[Event "AUTO-INT-3892"]
[Site "http://www.queenalice.com/game.php?id=1843723"]
[Date "2024.9.13"]
[Round "1"]
[White "victor_lobo"]
[Black "fbenevides2019"]
[Result "0-1"]
[WhiteElo "1517"]
[BlackElo "1637"]

1. e4 d5 2. exd5 Qxd5 3. Nc3 Qd7 4. d4 a6 5. Qf3 Nf6 6. Be3 e6 7. O-O-O h6 8.
Bc4 Bb4 9. Bf4 Qc6 10. Qxc6+ Nxc6 11. Bxc7 Bxc3 12. bxc3 Ne4 13. Nh3 Nxc3 14.
Rd3 Nb5 15. Bxb5 axb5 16. Bd6 Rxa2 17. Re1 Ra4 18. d5 Nb4 19. dxe6 Nxd3+ 20.
cxd3 Bxe6 21. f4 Ra1+ 22. Kd2 Rxe1 23. Kxe1 Bxh3 24. gxh3 Kd7 25. Bb4 Ke6 26.
Kf2 f5 27. Ke3 Rd8 28. d4 Rc8 29. Bc5 Rxc5 30. dxc5 Kd5 31. Kf3 Kd4 32. Kg3 b4
33. Kh4 g6 34. Kg3 b3 35. h4 b2 36. h5 gxh5 37. Kh4 b1=Q 38. Kxh5 Kxc5 39. h4
Qd1+ 40. Kxh6 Qg4 41. h5 Qxf4+ 42. Kg6 b5 43. h6 Qg4+ 44. Kf6 f4 45. h7 f3 46.
h8=Q Qd4+ 0-1

[Event "AUTO-INT-3892"]
[Site "http://www.queenalice.com/game.php?id=1843724"]
[Date "2024.9.13"]
[Round "1"]
[White "fbenevides2019"]
[Black "victor_lobo"]
[Result "1-0"]
[WhiteElo "1649"]
[BlackElo "1528"]

1. e4 e5 2. Nf3 Qf6 3. Nc3 c6 4. d3 Bb4 5. Bd2 Bxc3 6. Bxc3 d6 7. h3 Ne7 8. Bd2
h6 9. c4 d5 10. cxd5 cxd5 11. exd5 Nxd5 12. Qc2 O-O 13. O-O-O Na6 14. a3 Nac7
15. Bb4 Nxb4 16. Qxc7 Qc6+ 17. Qxc6 Nxc6 18. Kb1 b5 19. d4 e4 20. d5 Na5 21. Ne1
Bf5 22. Ka2 Nc4 23. Bxc4 bxc4 24. g4 Bd7 25. Rd4 Rac8 26. Rxe4 f5 27. gxf5 Bxf5
28. Rd4 Bd3 29. Rh2 Rfe8 30. Nxd3 cxd3 31. Rxd3 Rc2 32. d6 Rd8 33. Kb1 Rc6 34.
Rd5 Rdxd6 35. Ra5 Rd1+ 36. Ka2 Rcc1 37. Rxa7 Ra1+ 38. Kb3 Rd3+ 39. Kc4 Rdd1 40.
b4 Ra2 41. Rg2 Rc1+ 42. Kb5 Rc8 43. Rgxg7+ Kf8 44. Rh7 Rb8+ 45. Ka4 Rxf2 46.
Rh8# 1-0

[Event "AUTO-INT-3894"]
[Site "http://www.queenalice.com/game.php?id=1844480"]
[Date "2024.9.29"]
[Round "1"]
[White "DAN1958"]
[Black "victor_lobo"]
[Result "0-1"]
[WhiteElo "1505"]
[BlackElo "1568"]

1. e4 e5 2. d3 Bc5 3. Be3 Bxe3 4. fxe3 d5 5. Nd2 dxe4 6. Nxe4 Bf5 7. Ng3 g6 8.
e4 Be6 9. c4 Qd4 10. Rb1 Nf6 11. h3 Qe3+ 12. N3e2 Na6 13. Qd2 Qxd2+ 14. Kxd2 c6
15. Nf3 Nd7 16. g4 b5 17. b3 Rb8 18. Nc3 bxc4 19. dxc4 Nac5 20. Bd3 h6 21. Be2
f5 22. gxf5 gxf5 23. exf5 Bxf5 24. Rbg1 Ne4+ 25. Nxe4 Bxe4 26. Rh2 Bxf3 27. Bxf3
Rb6 28. Rhg2 a5 29. Rg8+ Rxg8 30. Rxg8+ Nf8 31. Rg6 Nxg6 32. Ke3 c5 33. Be4 Kf7
34. h4 Nxh4 35. Kf2 Kf6 36. Kg3 Ng6 37. Kg4 Rd6 38. Kh5 Nf4+ 39. Kxh6 Rd2 40.
Bb1 Rb2 41. Bd3 Nxd3 42. Kh5 e4 43. Kg4 Rf2 44. a4 e3 0-1

[Event "AUTO-INT-3894"]
[Site "http://www.queenalice.com/game.php?id=1844481"]
[Date "2024.9.29"]
[Round "1"]
[White "victor_lobo"]
[Black "DAN1958"]
[Result "0-1"]
[WhiteElo "1570"]
[BlackElo "1473"]

1. e4 e5 2. Qf3 Nf6 3. Bc4 Nc6 4. c3 a6 5. Nh3 h6 6. g4 g5 7. Nxg5 hxg5 8. d3 b5
9. Bd5 Bb7 10. Bxc6 Bxc6 11. Bxg5 Be7 12. Bxf6 Bxf6 13. Nd2 d6 14. O-O-O Qe7 15.
Rdg1 Rg8 16. Qg3 Qe6 17. b3 O-O-O 18. f3 Rg7 19. Qf2 Bg5 20. h4 Bxd2+ 21. Kxd2
d5 22. Kc2 d4 23. c4 b4 24. h5 Rh8 25. f4 Rxg4 26. Rxg4 Qxg4 27. fxe5 Rxh5 28.
Rxh5 Qxh5 29. Qf6 Qe2+ 30. Kc1 Qe3+ 31. Kc2 Qe2+ 32. Kc1 Kb7 33. Qxf7 Qxd3 34.
e6 Qc3+ 35. Kd1 Qa1+ 36. Kd2 Qxa2+ 37. Kd3 Qxb3+ 38. Kxd4 Qd1+ 39. Ke5 Qd6+ 40.
Kf5 Qc5+ 41. Kg6 Bxe4+ 42. Kg7 Qe5+ 43. Kf8 Qc5+ 44. e7 Bd3 45. Kg7 Qg5+ 46. Kf8
Qh6+ 47. Qg7 Qf4+ 48. Qf7 Qh6+ 49. Qg7 Qf4+ 50. Qf7 Qxf7+ 51. Kxf7 Bxc4+ 52. Kf8
Bb5 53. e8=Q Bxe8 54. Kxe8 b3 55. Ke7 a5 56. Ke6 a4 57. Kd7 a3 58. Ke6 a2 0-1

[Event "Challenge"]
[Site "http://www.queenalice.com/game.php?id=1844540"]
[Date "2024.10.1"]
[Round "-"]
[White "victor_lobo"]
[Black "guss"]
[Result "0-1"]
[WhiteElo "1566"]
[BlackElo "2532"]

1. e4 e5 2. Bc4 Nc6 3. c3 Nf6 4. d3 Na5 5. b4 Nxc4 6. dxc4 a5 7. b5 Nxe4 8. Qf3
Nc5 9. Nh3 e4 10. Qe3 Nd3+ 11. Ke2 d5 12. Nd2 Bxh3 13. gxh3 Bc5 14. Qg3 O-O 15.
f3 Bf2 16. Qg4 f5 17. Qg2 Nf4+ 18. Kxf2 e3+ 19. Kg3 Qg5# 0-1

[Event "AUTO-INT-3895"]
[Site "http://www.queenalice.com/game.php?id=1844834"]
[Date "2024.10.7"]
[Round "1"]
[White "profeta"]
[Black "victor_lobo"]
[Result "0-1"]
[WhiteElo "1571"]
[BlackElo "1565"]

1. e4 e5 2. Nf3 Qf6 3. Nc3 c6 4. d4 exd4 5. Qxd4 b6 6. Qe5+ Qxe5 7. Nxe5 f6 8.
Nf3 Bb4 9. a3 Bxc3+ 10. bxc3 Ba6 11. Bxa6 Nxa6 12. O-O O-O-O 13. e5 Nc5 14. exf6
gxf6 15. Bf4 Na4 16. c4 Nc3 17. Rfe1 h5 18. Nh4 Nh6 19. Bxh6 Rxh6 20. Re3 Na4
21. Rae1 Rhh8 22. Nf5 Kc7 23. Rb1 Nc5 24. g3 Rhg8 25. Nh6 Rg7 26. Rbe1 Rf8 27.
Nf5 Rg5 28. Nd4 Rg4 29. Nf5 Rg5 30. Nd4 h4 31. Nf3 hxg3 32. Nxg5 gxh2+ 33. Kxh2
fxg5 34. f3 Ne6 35. a4 Nd4 36. Rd1 Nxf3+ 37. Kh3 Rf4 38. Kg2 Nh4+ 39. Kh3 Rxc4
40. Ra1 Rxc2 41. a5 b5 42. Re5 Rg2 43. Re7 b4 44. Ra4 c5 45. Re8 b3 46. Ra8 Kb7
47. Rd8 Kc7 48. Rc4 d6 49. Rf8 b2 50. Rf1 Rd2 51. Rb1 Ng2 52. Rc3 Nf4+ 53. Kg4
Rg2+ 54. Kf5 Ne2 55. Rc2 Nd4+ 56. Ke4 Rxc2 57. a6 Ne2 58. Kf5 Nc3 59. Re1 Rc1
60. Re7+ Kb6 61. Re6 b1=Q+ 62. Kxg5 Rg1+ 63. Kf6 Qf1+ 64. Ke7 Nd5+ 65. Kxd6 Rg5
66. Kd7+ Kb5 67. Re8 c4 68. Rc8 Nb6+ 69. Kc7 Nxc8 70. Kxc8 Rg7 71. Kd8 Qf8# 0-1